AZ FHB BANK ZRT. ÉS AZ OTP BANK NYRT. ÖSSZEHASONLÍTÓ ELEMZÉSE A CAMELS MÓDSZER SEGÍTSÉGÉVEL

Bibliográfiai részletek
Szerző: Csonka-Madarász Krisztina
További közreműködők: Pocsai Dr Erzsébet
Dokumentumtípus: Diplomadolgozat
Kulcsszavak:CAMELS
FHB Bank
OTP Bank Nyrt.
Bázel III
Korreláció-analízis
Online Access:http://dolgozattar.uni-bge.hu/9746

MARC

LEADER 00000nta a2200000 i 4500
001 dolg9746
005 20161219184426.0
008 161219suuuu hu om 000 hun d
040 |a BGE Dolgozattár Repozitórium  |b hun 
041 |a hu 
100 1 |a Csonka-Madarász Krisztina 
245 1 3 |a AZ FHB BANK ZRT. ÉS AZ OTP BANK NYRT. ÖSSZEHASONLÍTÓ ELEMZÉSE A CAMELS MÓDSZER SEGÍTSÉGÉVEL  |c Csonka-Madarász Krisztina  |h [elektronikus dokumentum] 
695 |a CAMELS 
695 |a FHB Bank 
695 |a OTP Bank Nyrt. 
695 |a Bázel III 
695 |a Korreláció-analízis 
700 1 |a Pocsai Dr Erzsébet  |e ths 
856 4 0 |u http://dolgozattar.uni-bge.hu/9746/1/szakdolgozat.pdf  |z Dokumentum-elérés